000 00864cam a2200289 4500
001 D15428
008 090401t1981 xxu||||| |||| 00| 0 eng d
035 _a(Sirsi) u22754
041 _aeng
050 _a333.337
090 _aRICS 1981/83ABCD
110 _aRoyal Institution of Chartered Surveyors
_94900
245 4 _aThe responsibilities of residential managing agents
260 _aLondon
_bSurveyors Publications
_c1981
300 _a8p. 22cm
350 _a0
490 _aGeneral Practice Division practice note
650 _aABOUT RICS-RICS MEMBERS
650 _aCODE OF PRACTICE
650 _aMANAGING AGENTS
650 _aProperty management
_96262
650 _aRESIDENTIAL PROPERTY
_96266
650 _aRICS
710 _aRoyal Institution of Chartered Surveyors
_bGeneral Practice Division
_92890
942 _n0
948 _c04/03/1997
999 _c88245
_d88245